000 00332nam a22001457a 4500
003 SGT
082 _a610.7368
_bG16S
100 _aSREEVANI, R.
245 _aA GUIDE TO MENTAL HEALTH & PSYCHIATRIC NURSING
250 _a4TH
260 _aINDIA
_bJAYPEE
_c2016
300 _a491
650 _aPSYCHIATRIC
942 _2ddc
_cBK
_0291
999 _c10962
_d10962